000 00585nam a2200229Ia 4500
003 OSt
005 20221005124107.0
006 a|||||r|||| 00| 0
007 ta
008 221004b |||||||| |||| 00| 0 tam d
024 _a49652
037 _cTextual
040 _aCRL
_cCRL
_btam
041 _2tam
_atam
082 _aO31,3M70x, J5
100 _aSastriar Suriyanarayana Au.
_9634689
245 0 _aMathivanan
260 _c1955
650 _aTAMIL FICTION
942 _hO31,3M70x, J5
_cTEXL
_2cc
999 _c1049438
_d1049438